[Event "2nd IECC"]
[Site "Ohrid MKD"]
[Date "2001.06.14"]
[Round "13"]
[White "Smirnov,P"]
[Black "Cyborowski,L"]
[Result "1/2-1/2"]
[WhiteElo "2511"]
[BlackElo "2450"]

1.e4 d6 2.d4 Nf6 3.Nc3 e5 4.Nf3 Nbd7 5.Bc4 Be7 6.O-O O-O 7.a4 c6 8.Re1 b6
9.Ba2 a6 10.Be3 Ng4 11.Bd2 Ngf6 12.Qe2 Qc7 13.Rad1 b5 14.Bg5 Re8 15.h3 Rb8
16.Bh4 Bf8 17.dxe5 dxe5 18.Rxd7 Bxd7 19.Bxf6 gxf6 20.Nh4 Be6 21.Qh5 b4 22.Re3 Bg7
23.Rg3 Kh8 24.Nd1 Qd7 25.Ne3 Rg8 26.Nhf5 Bxf5 27.exf5 Bf8 28.Ng4 Qd1+ 29.Kh2 Rg7
30.Qh4 e4 31.Nh6 Rb7 32.Re3 Bd6+ 33.g3 Qf1 34.Ng4 Rxg4 35.Qxf6+ Kg8 36.hxg4 Qxf2+
37.Kh3 Qf1+ 38.Kh2 Qf2+ 39.Kh3 Qf1+ 40.Kh2 Qf2+ 41.Kh3 Qf1+  1/2-1/2

[Event "Savic-Mauzer Mem"]
[Site "Bijeljina YUG"]
[Date "2001.06.16"]
[Round "1"]
[White "Cosma,I"]
[Black "Ianov,V"]
[Result "1-0"]
[WhiteElo "2467"]
[BlackElo "2386"]

1.d4 d6 2.e4 Nf6 3.Nc3 Nbd7 4.f4 e5 5.Nf3 exd4 6.Qxd4 Nc5 7.e5 Ne6 8.Qc4 dxe5
9.fxe5 Nd7 10.Be3 Bc5 11.Bxc5 Ndxc5 12.Rd1 Nd7 13.Qb4 Qe7 14.Qxe7+ Kxe7 15.Nd5+ Kd8
16.Bc4 a6 17.a4 Rb8 18.O-O b5 19.axb5 axb5 20.Bb3 c5 21.c4 bxc4 22.Bxc4 Rxb2
23.Ne3 Kc7 24.Nd5+ Kd8 25.Rd3 h6 26.Rfd1 Ng5 27.Nf4 Kc7 28.e6 Nxf3+ 29.gxf3 Ne5
30.exf7 Bf5 31.Rc3 g5 32.Nd5+ Kb8 33.Ne7 Bh3 34.f4 Rg2+ 35.Kh1 gxf4 36.Rxh3 Rg7
37.Nc6+  1-0

[Event "White Nights"]
[Site "St Petersburg RUS"]
[Date "2001.06.16"]
[Round "8"]
[White "Zakharevich,I"]
[Black "Vaulin,A"]
[Result "0-1"]
[WhiteElo "2487"]
[BlackElo "2540"]

1.d4 d6 2.e4 Nf6 3.Nc3 e5 4.Nf3 Nbd7 5.g3 c6 6.a4 Be7 7.Bg2 O-O 8.O-O Re8
9.h3 Bf8 10.Re1 b6 11.Bg5 Bb7 12.a5 Rb8 13.a6 Ba8 14.d5 b5 15.dxc6 Bxc6 16.Nd5 Bxd5
17.exd5 g6 18.Nd2 Nb6 19.Bxf6 Qxf6 20.Bf1 Na4 21.Bxb5 Rxb5 22.Rxa4 Rxb2 23.Nc4 Rb5
24.Na5 e4 25.Nc6 e3 26.fxe3 Qc3 27.Kf2 Rb2 28.Re2 Bh6 29.e4 Bg7 30.Qd3 Qf6+
31.Qf3 Qg5 32.Qf4 Qh5 33.Qg4 Qh6 34.Qd7 Rf8 35.Rc4 Qc1 36.e5 Rb1 37.Qxa7 Bxe5
38.Kf3 Qh1+ 39.Ke3 Re8 40.Re4 Qg1+ 41.Kd3 Qd1+ 42.Kc4 Rb2 43.Qd7 Rxc2+ 44.Kb5 Qxd5+
45.Kb6 Rxc6+  0-1

[Event "5th Open"]
[Site "Voronezh RUS"]
[Date "2001.06.16"]
[Round "5"]
[White "Ivanov,Vic"]
[Black "Chuprov,D"]
[Result "1/2-1/2"]
[WhiteElo "2451"]
[BlackElo "2473"]

1.e4 d6 2.d4 Nf6 3.Nc3 e5 4.dxe5 dxe5 5.Qxd8+ Kxd8 6.Bc4 Be6 7.Bxe6 fxe6
8.f3 Nc6 9.Be3 Bd6 10.Nh3 Ke7 11.Nf2 h6 12.Nd3 Nh5 13.O-O-O Rhf8 14.Rd2 a6
15.Na4 b6 16.c3 Nf4 17.b4 Nxd3+ 18.Rxd3 Rfd8 19.Rhd1 b5 20.Nc5 Bxc5 21.Bxc5+ Ke8
22.Kc2 Rxd3 23.Rxd3 Rd8 24.Re3 Rb8 25.c4 a5 26.bxa5 Nxa5 27.cxb5 Rxb5 28.Rc3 Nb7
29.Ba3 Ra5 30.Kb3 c5 31.Rd3 Ke7 32.Rc3 Kd6 33.Rc4 Rb5+ 34.Kc2 Ra5 35.Kb3 Rb5+
36.Kc2 Ra5 37.Kb3  1/2-1/2

[Event "Homenaje a la Bandera"]
[Site "Rosario ARG"]
[Date "2001.06.18"]
[Round "6"]
[White "Abella,J"]
[Black "Tempone,M"]
[Result "1-0"]
[WhiteElo "2305"]
[BlackElo "2437"]

1.e4 d6 2.d4 Nf6 3.Nc3 Nbd7 4.f3 c6 5.Be3 b5 6.Qd2 a6 7.g4 Nb6 8.g5 Nfd7
9.h4 e5 10.a4 b4 11.Nd1 a5 12.Nf2 d5 13.b3 Be7 14.O-O-O O-O 15.dxe5 Nxe5
16.f4 Ng4 17.Nxg4 Bxg4 18.Be2 Bxe2 19.Qxe2 Qc7 20.Qf2 Nd7 21.exd5 cxd5 22.Rxd5 Qc6
23.Qf3 Rfe8 24.Rd3 Qc7 25.Rh2 Rac8 26.Rhd2 Nf8 27.Ne2 Bc5 28.Nd4 Qb6 29.Nf5 Qe6
30.Bxc5 Qxf5 31.Rd5 Qe6 32.h5 Qc6 33.Bd4 Ne6 34.Be5 Nc5 35.Kb2 Ne6 36.Qd3 Qa8
37.Qb5 Nf8 38.Qxa5 Qc6 39.Qxb4 Qe6 40.Qd4 Qg4 41.h6  1-0

[Event "Savic-Mauzer Mem"]
[Site "Bijeljina YUG"]
[Date "2001.06.21"]
[Round "6"]
[White "Velimirovic,D"]
[Black "Kozakov,M"]
[Result "1/2-1/2"]
[WhiteElo "2484"]
[BlackElo "2512"]

1.e4 d6 2.d4 Nf6 3.Nc3 e5 4.Nf3 Nbd7 5.Bc4 Be7 6.O-O O-O 7.Re1 c6 8.a4 a5
9.Ba2 Qc7 10.h3 exd4 11.Nxd4 Nc5 12.Bf4 Be6 13.Nxe6 fxe6 14.e5 dxe5 15.Bxe5 Qb6
16.Bd4 Qb4 17.Bxe6+ Nxe6 18.Rxe6 Rad8 19.Qe1 Rf7 20.Ba7 Bf8 21.Nd1 Qxe1+
22.Rxe1 Rd2 23.Rc1 Nd5 24.Be3 Nxe3 25.Rxe3 Rf4 26.Rb3 Rd7 27.Nc3 Bc5 28.Rf1 Rdf7
29.g3 Bxf2+ 30.Kg2 Bxg3 31.Rxf4 Bxf4 32.Ne4 Be5 33.Nc5 Bd4 34.Nxb7 Rf2+ 35.Kg3 Rxc2
36.Nxa5 Bxb2 37.Nxc6 Rxc6 38.Rxb2 Rc3+ 39.Kg2 Ra3 40.Rb4  1/2-1/2

[Event "Hotel Lippa IM"]
[Site "Szentgotthard HUN"]
[Date "2001.06.23"]
[Round "11"]
[White "Zufic,M"]
[Black "Kiss,At"]
[Result "1-0"]
[WhiteElo "2274"]
[BlackElo "2346"]

1.e4 d6 2.d4 Nf6 3.Nc3 Nbd7 4.Nf3 e5 5.Bc4 Be7 6.O-O O-O 7.Re1 c6 8.a4 b6
9.d5 cxd5 10.Bxd5 Nxd5 11.Nxd5 Bb7 12.c4 Nc5 13.b4 Ne6 14.a5 bxa5 15.Rxa5 a6
16.Be3 Rc8 17.Qd3 Re8 18.Bb6 Qd7 19.Nxe5 dxe5 20.Nf6+ gxf6 21.Qxd7 Bxb4 22.Raa1 Re7
23.Qd3 Nf4 24.Qg3+ Kh8 25.Qh4 Re6 26.Be3 Ng6 27.Qh5 Bxe1 28.Rxe1 Bxe4 29.Rd1 Bc6
30.c5 a5 31.Rd6 a4 32.Qe2 Ra8 33.Qa2 Nf8 34.f3 Kg7 35.Rd3 Ng6 36.Kf2 f5 37.Rd6 f4
38.Bc1 Rae8 39.Qb2 R8e7 40.Qb6 Be8 41.Bb2 Kg8 42.Qd8 Kg7 43.Qa8 Kg8 44.Qe4 Kg7
45.Ba3 Rc7 46.Qa8 Bc6 47.Qa6 Ne7 48.Qc4 Kf6 49.Bb2 Ng6 50.g3 fxg3+ 51.hxg3 Ke7
52.Qd3 Rd7 53.Ba3 e4 54.Rxd7+ Bxd7 55.c6+ Kf6 56.cxd7 exd3 57.d8=Q+ Kg7 58.Qxd3 Ne5
59.Bb2 f6 60.Qf5 Re7 61.f4 Nd7 62.g4 h6 63.Ba3 Rf7 64.Kg3 Nf8 65.Kh4 Ng6+
66.Kh5  1-0

[Event "TCh-Europe Boys U18"]
[Site "Balatonlelle HUN"]
[Date "2001.06.24"]
[Round "3"]
[White "Szabo,G ROM"]
[Black "Firman,N"]
[Result "1/2-1/2"]
[WhiteElo "2398"]
[BlackElo "2517"]

1.e4 d6 2.d4 Nf6 3.Nc3 Nbd7 4.h3 e5 5.Be3 Be7 6.g3 O-O 7.Bg2 Nb6 8.Nge2 c6
9.O-O exd4 10.Bxd4 d5 11.exd5 Nbxd5 12.Nxd5 Nxd5 13.c4 Nf6 14.Qd2 Bf5 15.Rad1 Qc7
16.Qc3 Be4 17.Be5  1/2-1/2

[Event "TCh-Europe Boys U18"]
[Site "Balatonlelle HUN"]
[Date "2001.06.24"]
[Round "3"]
[White "Cernousek,L"]
[Black "Seel,C"]
[Result "0-1"]
[WhiteElo "2242"]
[BlackElo "2250"]

1.e4 d6 2.d4 Nf6 3.Nc3 e5 4.Nf3 exd4 5.Nxd4 Be7 6.Bd3 O-O 7.O-O Re8 8.h3 h6
9.Bf4 Bf8 10.Re1 Nbd7 11.Bb5 c6 12.Bc4 Ne5 13.Bb3 b5 14.a3 Bb7 15.Nf5 a5
16.Nb1 c5 17.Bd5 Nxd5 18.exd5 Qf6 19.Bxe5 Rxe5 20.Ne3 Rae8 21.c4 Rg5 22.Qc2 Bc8
23.Nd2 Qf4 24.h4 Rg6 25.g3 Qd4 26.h5 Rxg3+ 27.fxg3 Rxe3 28.Kg2 Rxe1 29.Rxe1 bxc4
30.Nf3 Qxd5 31.Qe4 Qxe4 32.Rxe4 Be6 33.Re1 Be7 34.Rd1 a4 35.Kf2 Bf6 36.Rxd6 Bxb2
37.Ne1 c3 38.Ke2 Bb3 39.Rd8+ Kh7 40.Rd7 c2 41.Nxc2 Bxc2 42.Rd2 Bxa3 43.Rxc2 Bb4
44.Kf3 g6 45.Kg4 a3 46.hxg6+ Kxg6 47.Kf4 f6 48.g4 c4 49.Ke4 Kg5 50.Kd5 c3
51.Ke4 Bd6 52.Kf3 Kg6 53.Ke4 Be5 54.Ra2 c2 55.Rxc2 Bb2  0-1

[Event "Narciso Yepes"]
[Site "Lorca ESP"]
[Date "2001.06.25"]
[Round "1"]
[White "Seferjan,N"]
[Black "Ibarra Jerez,JM"]
[Result "1-0"]
[WhiteElo "2529"]
[BlackElo "2161"]

1.e4 d6 2.d4 Nf6 3.Nc3 c6 4.f4 Qa5 5.Bd3 Bg4 6.Ne2 e5 7.Be3 Nbd7 8.Qd2 Be7
9.O-O Qc7 10.Ng3 Nh5 11.Nxh5 Bxh5 12.Qf2 f6 13.Qg3 g5 14.fxg5 fxg5 15.Bc4 O-O-O
16.Bf7 exd4 17.Bxd4 Bf6 18.Bxf6 Nxf6 19.Bxh5 Nxh5 20.Qg4+ Kb8 21.Qxh5 Qb6+
22.Kh1 Qxb2 23.Ne2 Qxc2 24.Ng3 Rdf8 25.Qxg5 h5 26.Rxf8+ Rxf8 27.Qe7 Qf2 28.Qxd6+ Ka8
29.Qd3 h4 30.Rf1 Qc5 31.Rxf8+ Qxf8 32.Nf5 Qf6 33.Qd4 Qxd4 34.Nxd4 c5 35.Nc2 b5
36.g4 hxg3 37.h4  1-0

[Event "Open"]
[Site "Batumi GEO"]
[Date "2001.06.27"]
[Round "2"]
[White "Mkrtchian,L"]
[Black "Gelashvili,T"]
[Result "0-1"]
[WhiteElo "2344"]
[BlackElo "2535"]

1.e4 d6 2.d4 Nf6 3.Nc3 Nbd7 4.Nf3 e5 5.Bc4 Be7 6.O-O O-O 7.Re1 c6 8.a4 Qc7
9.a5 Rb8 10.d5 b5 11.axb6 Nxb6 12.Bf1 cxd5 13.exd5 a6 14.Bg5 Nbd7 15.Na4 h6
16.Bc1 Bd8 17.c4 Nb6 18.Nxb6 Qxb6 19.Ra2 Nd7 20.Bd2 f5 21.Bc3 Nf6 22.Nd2 Ng4
23.Qe2 Qa7 24.h3 Nxf2 25.Kh2 e4 26.b4 Nd3 27.Rb1 Bb6 28.g3 Bg1+ 29.Kh1 Nf2+
30.Kg2 f4 31.gxf4 Nxh3 32.Kh1 Nf2+ 33.Kg2 Rxf4  0-1

[Event "12th Open"]
[Site "Ljubljana SLO"]
[Date "2001.06.28"]
[Round "6"]
[White "Zvan,Z"]
[Black "Barle,J"]
[Result "0-1"]
[WhiteElo "2211"]
[BlackElo "2380"]

1.e4 d6 2.d4 Nf6 3.Nc3 e5 4.dxe5 dxe5 5.Qxd8+ Kxd8 6.Bg5 Be6 7.Nf3 Nd7 8.Bh4 h6
9.O-O-O Kc8 10.Bg3 Bd6 11.Nd2 Nh5 12.Bc4 Nxg3 13.hxg3 Re8 14.Bxe6 Rxe6 15.Nc4 Bb4
16.Nd5 Bf8 17.Rd2 b5 18.Nce3 c6 19.Nc3 Nb6 20.a3 a5 21.Na2 Kc7 22.Kb1 g6
23.Nc1 Rb8 24.Nd3 h5 25.g4 Nc4 26.Re2 Nxe3 27.Rxe3 hxg4 28.Rh7 Re7 29.Rg3 f5
30.Rxe7+ Bxe7 31.exf5 e4 32.fxg6 exd3 33.cxd3 Bh4 34.Rxg4 Bxf2 35.Rf4 Be3
36.Rf7+ Kb6 37.Kc2 Rg8 38.Re7 Bd4 39.Re4 Kc5 40.Rg4 Kd5 41.b3 b4 42.axb4 axb4
43.Kd2 c5 44.Ke2 Ke6  0-1

[Event "Narciso Yepes"]
[Site "Lorca ESP"]
[Date "2001.06.28"]
[Round "6"]
[White "Movsziszian,K"]
[Black "Strikovic,A"]
[Result "0-1"]
[WhiteElo "2508"]
[BlackElo "2493"]

1.d4 d6 2.e4 Nf6 3.Nc3 e5 4.dxe5 dxe5 5.Qxd8+ Kxd8 6.Bg5 Bd6 7.O-O-O Nd7
8.Bc4 Ke8 9.f3 a6 10.Nge2 h6 11.Bh4 Bc5 12.a3 c6 13.b4 Be7 14.Kb2 b5 15.Bb3 a5
16.Be1 axb4 17.axb4 Nb6 18.Na2 Be6 19.Nec1 Nc4+ 20.Bxc4 Bxc4 21.Nb3 Nd7 22.Bf2 h5
23.c3 Rh6 24.Be3 Rg6 25.Rd2 c5 26.bxc5 Bxc5 27.Re1 Bxe3 28.Rxe3 Rxa2+ 29.Kxa2 Nc5
30.Rd5 Bxb3+ 31.Ka3 Bxd5 32.exd5 Nd7 33.Kb4 Rxg2 34.Kxb5 Ke7 35.f4 Kd6  0-1

[Event "Narciso Yepes"]
[Site "Lorca ESP"]
[Date "2001.06.29"]
[Round "9"]
[White "Khamrakulov,I"]
[Black "Garcia Albarracin,F"]
[Result "1-0"]
[WhiteElo "2451"]
[BlackElo "2369"]

1.e4 d6 2.d4 Nf6 3.Nc3 e5 4.Nf3 Nbd7 5.Bc4 Be7 6.a4 O-O 7.O-O c6 8.h3 Qc7
9.Bg5 Re8 10.Re1 Nf8 11.Bh4 Ng6 12.Bg3 h6 13.Qd2 Nh5 14.Bh2 Nhf4 15.Ne2 Nxe2+
16.Rxe2 Bf6 17.Rd1 Qe7 18.Qe3 a6 19.dxe5 dxe5 20.Qb6 Bg5 21.Nxg5 hxg5 22.Red2 Nf4
23.Bxf4 gxf4 24.f3 a5 25.Rd8 Kf8 26.R8d6 Qg5 27.Kf1 Qe7 28.b3 f5 29.Qf2 Qg5
30.h4 Qe7 31.h5 fxe4 32.h6 Bf5 33.fxe4 Bxe4 34.Rd7 Rad8 35.hxg7+ Qxg7 36.Qc5+  1-0

[Event "Open"]
[Site "Batumi GEO"]
[Date "2001.06.30"]
[Round "5"]
[White "Shengelia,D"]
[Black "Chibukhchian,A"]
[Result "1-0"]
[WhiteElo "2385"]
[BlackElo "2293"]

1.e4 d6 2.d4 Nf6 3.Nc3 Nbd7 4.g4 h6 5.h3 e5 6.Nge2 c6 7.a4 Be7 8.Bg2 O-O
9.O-O Re8 10.Be3 Nh7 11.f4 exf4 12.Bxf4 Ndf8 13.a5 Ng6 14.Be3 Nh4 15.Ng3 Bg5
16.Bxg5 Nxg5 17.Qd2 g6 18.Kh2 h5 19.Qf4 hxg4 20.hxg4 Kg7 21.e5 Rh8 22.Kg1 Nxg2
23.Kxg2 Rh4 24.Nce4 Rxg4 25.Qf6+ Qxf6 26.exf6+ Kg8 27.Nxg5 Rxg5 28.Kf3 Be6
29.Rf2 Rc8 30.Rh2 c5 31.c4 Bxc4 32.Kf4 Rd5 33.Rah1 Rxd4+ 34.Ne4 g5+ 35.Kxg5  1-0

[Event "Open"]
[Site "Batumi GEO"]
[Date "2001.06.30"]
[Round "5"]
[White "Balkhamishvili,T"]
[Black "Nikoladze,S"]
[Result "0-1"]
[WhiteElo "2120"]
[BlackElo "2253"]

1.e4 d6 2.d4 Nf6 3.Nc3 Nbd7 4.Bc4 e5 5.Nf3 Be7 6.O-O O-O 7.a4 c6 8.Re1 Qc7
9.b3 b6 10.Bb2 Bb7 11.Qe2 a6 12.Rad1 b5 13.Bd3 Rfe8 14.d5 cxd5 15.exd5 b4
16.Ne4 Nxd5 17.Neg5 h6 18.Nh3 N5f6 19.Bf5 Nf8 20.Nd2 g6 21.Bd3 Nd5 22.f3 Nc3
23.Bxc3 bxc3 24.Nc4 f5 25.Ne3 d5 26.Qf1 e4 27.fxe4 fxe4 28.Be2 Bc5  0-1

[Event "Open"]
[Site "Batumi GEO"]
[Date "2001.07.02"]
[Round "6"]
[White "Lomineishvili,M"]
[Black "Gelashvili,T"]
[Result "0-1"]
[WhiteElo "2437"]
[BlackElo "2535"]

1.d4 d6 2.e4 Nf6 3.Nc3 Nbd7 4.g4 h6 5.h3 e5 6.Be3 c6 7.a4 d5 8.dxe5 Nxe4
9.Nxe4 dxe4 10.Bd4 Bc5 11.Bg2 Bxd4 12.Qxd4 Qa5+ 13.b4 Qxe5 14.Qxe5+ Nxe5
15.Bxe4 a5 16.c3 O-O 17.Ne2 f5 18.gxf5 Bxf5 19.Bxf5 Nf3+ 20.Kf1 Rxf5 21.Ra2 Rd8
22.Ng3 Re5 23.Kg2 Ne1+ 24.Kh2 axb4 25.cxb4 Rf8 26.Rf1 Nd3 27.b5 cxb5 28.axb5 Rxb5
29.Rd2 Nf4 30.Rd7 Rf7 31.Rfd1 Rb2 32.Ne4 Rb3 33.Rxf7 Kxf7 34.Rd7+ Kg6 35.Ng3 b5
36.Rb7 b4 37.h4 Rb1 38.Rb6+ Kf7 39.Ne4 Nd5 40.Rb7+ Kg6 41.h5+ Kf5 42.Nc5 Rb2
43.Rxg7 Rxf2+ 44.Kg3 Rc2 45.Rf7+ Ke5 46.Nd3+ Ke6 47.Rf3 Rc3 48.Kf2 b3 49.Nf4+ Kd6
50.Nd3 Rxd3 51.Rxd3 b2 52.Rd1 Ke5 53.Kg3 Nc3 54.Re1+ Kf5 55.Rf1+ Kg5 56.Kh3 b1=Q
57.Rg1+ Kxh5  0-1

[Event "Open"]
[Site "Batumi GEO"]
[Date "2001.07.03"]
[Round "7"]
[White "Kovanova,B"]
[Black "Nikoladze,S"]
[Result "0-1"]
[WhiteElo "2101"]
[BlackElo "2253"]

1.e4 d6 2.d4 Nf6 3.Nc3 Nbd7 4.g3 e5 5.Nge2 g6 6.Bg2 Bg7 7.O-O O-O 8.h3 c6
9.Be3 Qe7 10.Qd2 exd4 11.Nxd4 Ne5 12.Qe2 a5 13.a4 b6 14.f4 Ba6 15.Qf2 Bxf1
16.Rxf1 Nc4 17.Nxc6 Qe8 18.e5 Nd7 19.Nd5 Nxe3 20.Qxe3 dxe5 21.f5 Nf6 22.Nc7 Qd7
23.Nxa8 e4 24.Ne5 Qd5 25.Nxb6 Qxe5 26.fxg6 hxg6 27.Nc4 Qd5 28.Nd2 Re8 29.Kh2 Qh5
30.Qf4 Re7 31.Kh1 Qe2 32.g4 e3 33.Nc4 g5 34.Qb8+ Kh7 35.Qb3 Kh8 36.Nd6 Qd2
37.Nf5 Re6 38.Qd3 Ne4 39.Bxe4 e2 40.Ng3 e1=Q 41.Rxe1 Qxe1+ 42.Kg2 Re8 43.b3 Bc3
44.Qd5 Be5 45.Nh1 Bf4 46.Bd3 Be3 47.Bf1 Re6 48.Qf3 Qd2+ 49.Qe2 Qc3 50.Qc4 Qf6
51.Bd3 Qa1 52.Bf1 Rf6 53.Qd3 Bb6 54.Qc4 Qe5 55.Be2 Qe3  0-1

[Event "Open"]
[Site "Batumi GEO"]
[Date "2001.07.03"]
[Round "7"]
[White "Odisharia,T"]
[Black "Danielian,E"]
[Result "0-1"]
[WhiteElo "2148"]
[BlackElo "2369"]

1.e4 c6 2.d4 d6 3.Nc3 Nf6 4.f4 Qa5 5.Qd3 Na6 6.Qe3 e5 7.Bxa6 Qxa6 8.h3 Be7
9.Nge2 exd4 10.Qxd4 O-O 11.Be3 Re8 12.O-O-O Bf8 13.Ng3 b5 14.e5 dxe5 15.fxe5 Nd7
16.Bf4 Nc5 17.Nh5 Bf5 18.Kb1 Ne6 19.Qe3 Bg6 20.g4 Bc5 21.Qg3 b4 22.h4 bxc3
23.Qxc3 Bxh5 24.gxh5 Nxf4 25.Qxc5 Qb5 26.Qf2 Rab8 27.b3 Nxh5 28.Rhf1 Rb7
29.Rfe1 g6 30.c4 Qb6 31.c5 Qb4 32.Rd6 Rbe7 33.e6 Rxe6 34.Rexe6 Rxe6  0-1

[Event "ch-SWE"]
[Site "Linkoping SWE"]
[Date "2001.07.03"]
[Round "4"]
[White "Carlsson,P"]
[Black "Agrest,E"]
[Result "1/2-1/2"]
[WhiteElo "2330"]
[BlackElo "2532"]

1.e4 d6 2.d4 Nf6 3.Nc3 e5 4.Nf3 Nbd7 5.Bc4 Be7 6.O-O O-O 7.Re1 c6 8.a4 b6
9.d5 cxd5 10.Bxd5 Rb8 11.b3 a6 12.Bc4 Bb7 13.Bg5 Ne8 14.Bxe7 Qxe7 15.Bd5 Ndf6
16.Bxb7 Qxb7 17.Qd3 Rc8 18.Na2 Nd7 19.Rad1 Nc5 20.Qe2 a5 21.Nd2 Ne6 22.Nc4 Nd4
23.Qd3 f5 24.Nc3 f4 25.Nb5 Nxb5 26.axb5 Rc5 27.Nxd6 Nxd6 28.Qxd6 Rxc2 29.Qxe5 Qf7
30.Qd5 Rc5 31.Qxf7+ Kxf7 32.Rd7+ Kg6 33.Rd6+ Rf6 34.Rd5 Rc3 35.Rb1 f3 36.gxf3 Rcxf3
37.Rb2 R3f4 38.Re2 Re6 39.Kg2 Rfxe4 40.Rxe4  1/2-1/2

[Event "Open"]
[Site "Batumi GEO"]
[Date "2001.07.05"]
[Round "9"]
[White "Sulashvili,M"]
[Black "Nikoladze,S"]
[Result "1-0"]
[WhiteElo "2181"]
[BlackElo "2253"]

1.e4 d6 2.d4 Nf6 3.Nc3 Nbd7 4.Nf3 e5 5.Bc4 Be7 6.Qe2 c6 7.a4 O-O 8.O-O Qc7
9.h3 b6 10.b3 Bb7 11.Bb2 a6 12.Rfe1 b5 13.axb5 axb5 14.Bd3 Qb6 15.dxe5 dxe5
16.Qd2 Bb4 17.Qg5 h6 18.Qg3 Qc5 19.Ne2 Bxe1 20.Rxe1 Rfe8 21.Nh4 Kh7 22.Kh2 Qb4
23.Bc3 Qf8 24.f4 Nh5 25.Qg4 Nhf6 26.Qg3 g6 27.Qf3 exf4 28.Qxf4 b4 29.Bxf6 Nxf6
30.Qxf6 Re6 31.Qf2 c5 32.Nf4 Qd6 33.Kh1 Re7 34.e5 Rxe5 35.Rf1 Rg8 36.Bc4 g5
37.Nh5 Rf8 38.Bd3+ Kg8 39.Qf6 Qxf6 40.Nxf6+ Kg7 41.Nd7  1-0

[Event "6th Leg Russian Cup"]
[Site "Tomsk RUS"]
[Date "2001.07.05"]
[Round "6"]
[White "Novikova,A"]
[Black "Osipov,V"]
[Result "0-1"]
[WhiteElo "2203"]
[BlackElo "2286"]

1.e4 d6 2.d4 Nf6 3.Nc3 e5 4.dxe5 dxe5 5.Qxd8+ Kxd8 6.Nf3 Bd6 7.Bc4 Ke7 8.h3 c6
9.a4 Nbd7 10.Be3 Bb4 11.Bd3 b6 12.O-O Re8 13.Na2 Bd6 14.b4 Bb7 15.Rfd1 c5
16.bxc5 Nxc5 17.Bxc5 Bxc5 18.Nc3 a6 19.Bc4 Kf8 20.Bd5 Rab8 21.Bxb7 Rxb7 22.Rd3 Rd7
23.Rad1 Rxd3 24.Rxd3 Bb4 25.Nd5 Nxd5 26.Rxd5 f6 27.Nh4 g6 28.Rd7 Re7 29.Rd8+ Kf7
30.Rc8 a5 31.g4 Bc5 32.Nf3 Ke6 33.Rd8 f5 34.gxf5+ gxf5 35.Ng5+ Kf6 36.h4 h6
37.Nh3 fxe4 38.Rf8+ Kg6 39.Rg8+ Rg7 40.Rxg7+ Kxg7 41.Kg2 b5 42.axb5 a4  0-1

[Event "ch-SWE"]
[Site "Linkoping SWE"]
[Date "2001.07.06"]
[Round "7"]
[White "Brynell,S"]
[Black "Hillarp Persson,T"]
[Result "1/2-1/2"]
[WhiteElo "2489"]
[BlackElo "2443"]

1.e4 d6 2.d4 Nf6 3.Nc3 c6 4.f4 Qa5 5.e5 Ne4 6.Qf3 f5 7.exf6 Nxf6 8.Bd3 Na6
9.Ne2 Nb4 10.O-O Bg4 11.Qe3 Nxd3 12.Qxd3 Bf5 13.Qd1 g6 14.Ng3 h5 15.Be3 Bg7
16.Kh1 h4 17.Nxf5 Qxf5 18.h3 Nh5 19.Kg1 Ng3 20.Rf3 Qf7 21.Qd3 d5 22.Re1 Nf5
23.Nd1 O-O-O 24.Nf2 Kb8 25.Ng4 Rc8 26.c3 Rhd8 27.Bf2 Bf6 28.Qe2 Qg8 29.Rd3 Ka8
30.Qf3 Rf8 31.Rd2 g5 32.Rde2 Bh8 33.Re6 gxf4 34.Nh6 Nxh6 35.Rxh6 Bf6 36.Bxh4 Qg7  1/2-1/2

[Event "6th Leg Russian Cup"]
[Site "Tomsk RUS"]
[Date "2001.07.06"]
[Round "7"]
[White "Beshukov,S"]
[Black "Bachin,V"]
[Result "1/2-1/2"]
[WhiteElo "2463"]
[BlackElo "2426"]

1.e4 d6 2.d4 Nf6 3.Nc3 c6 4.f4 Qa5 5.Bd3 e5 6.Nf3 Nbd7 7.Be3 Be7 8.O-O O-O
9.Qe1 Ng4 10.Bd2 exd4 11.Nd5 Qd8 12.Nxe7+ Qxe7 13.Nxd4 Nc5 14.b4 Nxd3 15.cxd3 c5
16.Nf3 f5 17.Qh4 Qxh4 18.Nxh4 b6 19.Rae1 g6 20.Rf3 Bb7 21.Rg3 Nh6 22.bxc5 dxc5
23.Bc3 Rf7 24.Rh3 fxe4 25.Nxg6 Nf5 26.Ne5 Rg7 27.dxe4 Nd6 28.Nf3 Re7 29.e5 Ne4
30.Ba1 Rf8 31.Rh4 Rff7 32.Rg4+ Kf8 33.Nh4 Bc8 34.f5 Nd6 35.Nf3 Bxf5 36.Rf4 Bg6
37.Rxf7+ Nxf7 38.e6 Nd6 39.Bf6 Re8 40.Ng5 h6 41.e7+ Kg8 42.Ne6 Kf7 43.Bh4 Nf5
44.Nd8+ Kg7 45.Ne6+ Kg8 46.Bf6 Kf7 47.Bc3 Rxe7 48.Nd8+ Ke8 49.Nc6 Rxe1+ 50.Bxe1 a5
51.g4 Ne3 52.Ne5 Bf7 53.Bd2 Nc4 54.Nxf7 Kxf7 55.Bxh6 b5 56.Kf2 b4 57.Be3 Ne5
58.Ke2 c4 59.g5 a4 60.Kd1 b3 61.axb3 cxb3 62.Bc5 Nf3 63.Kc1 Nxg5 64.Kb2 Ne4
65.Bd4 Nd6 66.Bc5 Nc4+ 67.Kc3 Kg6 68.Be7 Kf5 69.h4 Kg4 70.Kd3 Ne3 71.Ba3 Nc2
72.Be7 Nd4 73.Ba3 Nb5 74.Bb2 Nd6 75.Kc3  1/2-1/2

[Event "10th AKN Weekender"]
[Site "Haarlem NED"]
[Date "2001.07.07"]
[Round "4"]
[White "Doggers,P"]
[Black "Holscher,P"]
[Result "0-1"]
[WhiteElo "2192"]
[BlackElo "2099"]

1.e4 d6 2.d4 Nf6 3.Nc3 c6 4.f4 g6 5.Nf3 Bg7 6.Bd3 O-O 7.O-O Bg4 8.Qe1 Na6
9.Qh4 Bxf3 10.Rxf3 Qb6 11.a3 h5 12.h3 Nh7 13.g4 Bxd4+ 14.Kh1 Bf6 15.g5 Bxc3
16.bxc3 Nc5 17.Bc4 e6 18.Be3 Qb2 19.Raf1 Nxe4 20.Bd3 d5 21.Bd4 c5 22.Be5 Nd2
23.c4 Nxf3 24.Rxf3 Qc1+ 25.Rf1 Qe3  0-1

[Event "Open"]
[Site "Hyeres FRA"]
[Date "2001.07.07"]
[Round "1"]
[White "Karpatchev,A"]
[Black "Lebel Arias,J"]
[Result "1-0"]
[WhiteElo "2421"]
[BlackElo "2075"]

1.e4 d6 2.d4 Nf6 3.Nc3 e5 4.Nf3 exd4 5.Nxd4 g6 6.Bg5 Bg7 7.Nd5 c6 8.Nxf6+ Bxf6
9.Bxf6 Qxf6 10.Qd2 O-O 11.O-O-O Re8 12.f3 a5 13.h4 h5 14.g4 Re5 15.gxh5 Rxh5
16.f4 Bg4 17.Be2 Bxe2 18.Nxe2 d5 19.f5 Na6 20.Nf4 Rh7 21.fxg6 fxg6 22.Rdg1 Rg7
23.h5 dxe4 24.hxg6 Rd8 25.Nh5 Qe7 26.Qh6  1-0

[Event "Canadian Open"]
[Site "Sackville CAN"]
[Date "2001.07.08"]
[Round "2"]
[White "MacDonald,J"]
[Black "Miles,A"]
[Result "0-1"]
[WhiteElo "2045"]
[BlackElo "2565"]

1.e4 d6 2.d4 Nf6 3.Nc3 c6 4.a4 Qa5 5.Bd2 e5 6.Nd5 Qd8 7.Nxf6+ Qxf6 8.Bc3 Nd7
9.Ne2 g6 10.Nc1 Bg7 11.dxe5 dxe5 12.Bc4 O-O 13.O-O Qe7 14.Nd3 b6 15.Kh1 Bb7
16.a5 Rab8 17.axb6 axb6 18.Ra7 Qd8 19.Bb3 Qc8 20.Qf3 c5 21.Bc4 Bc6 22.Re1 Ra8
23.Rxa8 Qxa8 24.Qh3 b5 25.Bd5 Bxd5 26.Qxd7 Bxe4 27.f3 Bxd3 28.Qxd3 b4 29.Bd2 Rd8
30.Qe2 e4 31.fxe4 Bxb2 32.Bg5 Re8 33.h3 Bc3 34.Rf1 Qxe4 35.Qf2 Qc4 36.Qf3 Qxf1+
37.Qxf1 Re1 38.Qxe1 Bxe1 39.Be3  0-1

[Event "Open"]
[Site "Hyeres FRA"]
[Date "2001.07.12"]
[Round "8"]
[White "Vallin,G"]
[Black "Ivanov,MM"]
[Result "1-0"]
[WhiteElo "2359"]
[BlackElo "2446"]

1.d4 d6 2.e4 Nf6 3.Nc3 Nbd7 4.g4 h6 5.g5 hxg5 6.Bxg5 e5 7.Qd2 c6 8.f4 Be7
9.Nf3 exf4 10.Rg1 Nh5 11.O-O-O Ndf6 12.e5 dxe5 13.Nxe5 Be6 14.Re1 Qd6 15.Qe2 f3
16.Qxf3 Qxd4 17.Bd3 O-O-O 18.Bf5 Nd7 19.Nxc6 Bxg5+ 20.Rxg5 bxc6 21.Qxc6+ Kb8
22.Be4 Qd2+ 23.Kxd2 Ne5+ 24.Kc1 Nxc6 25.Bxc6 Nf4 26.Rb5+ Kc7 27.Be4 Rd7 28.Rf1 Rh4
29.b3 Kd8 30.a4 Rc7 31.Kb2  1-0

[Event "Open"]
[Site "Hyeres FRA"]
[Date "2001.07.13"]
[Round "9"]
[White "Etchegaray,P"]
[Black "Guadalpi,D"]
[Result "1/2-1/2"]
[WhiteElo "2350"]
[BlackElo "2318"]

1.e4 d6 2.d4 Nf6 3.Nc3 Nbd7 4.Nf3 e5 5.Bc4 Be7 6.O-O O-O 7.Re1 c6 8.a4 b6
9.d5 cxd5 10.Nxd5 Bb7 11.b3 Rc8 12.Ra2 Nc5 13.Nxf6+ Bxf6 14.Bd5 Qd7 15.Ba3 Rfd8
16.Bxc5 Rxc5 17.Bxb7 Qxb7 18.c4 a6 19.Qe2 b5 20.cxb5 axb5 21.a5 d5 22.exd5 Rcxd5
23.Qe4 Qa6 24.h3 g6  1/2-1/2

[Event "2nd IM"]
[Site "Saint Lo FRA"]
[Date "2001.07.15"]
[Round "9"]
[White "Coursaget,N"]
[Black "Todorov,T"]
[Result "0-1"]
[WhiteElo "2236"]
[BlackElo "2432"]

1.d4 d6 2.e4 Nf6 3.Nc3 Nbd7 4.Bc4 c6 5.a4 Nxe4 6.Nxe4 d5 7.Qe2 dxe4 8.Qxe4 Nf6
9.Qd3 Bg4 10.Qb3 e6 11.Qxb7 Rc8 12.Bf4 Be7 13.Ba6 O-O 14.c3 Qd5 15.f3 Rce8
16.Ne2 e5 17.dxe5 Bc8 18.Qxa7 Qa5 19.exf6 Bc5 20.Bc7 Bxa7 21.Bxa5 Bxa6 22.O-O-O Rxe2
23.fxg7 Kxg7 24.Rd6 Rfe8 25.Rxc6 Bd3 26.Bb6 Rc2+ 27.Kd1 Bxb6 28.Rxb6 Ree2
29.Rd6 Red2+ 30.Ke1 Rxb2 31.a5 Re2+  0-1

[Event "Sparkassen Match"]
[Site "Dortmund GER"]
[Date "2001.07.19"]
[Round "7"]
[White "Naiditsch,A"]
[Black "Skripchenko,A"]
[Result "1-0"]
[WhiteElo "2524"]
[BlackElo "2494"]

1.e4 d6 2.d4 Nf6 3.Nc3 e5 4.Nf3 Nbd7 5.Bc4 Be7 6.O-O O-O 7.Re1 c6 8.a4 a5
9.b3 h6 10.Ba3 Re8 11.Bf1 exd4 12.Nxd4 Nc5 13.g3 Qb6 14.Bg2 Bg4 15.Qd2 Rad8
16.h3 Bc8 17.Kh2 Bf8 18.Bb2 g6 19.Rad1 Bg7 20.f3 Qc7 21.Qf2 Kh7 22.Ba3 Nfd7
23.f4 Re7 24.e5 Qb6 25.Ndb5 dxe5 26.Nd6 Re6 27.f5 Rxd6 28.Rxd6 Nxa4 29.fxg6+ fxg6
30.Qf7 Nxc3 31.Rxg6 Rg8 32.Rxh6+  1-0

[Event "Open"]
[Site "Novosibirsk RUS"]
[Date "2001.07.20"]
[Round "2"]
[White "Belozerov,A"]
[Black "Zhumabaev,R"]
[Result "1-0"]
[WhiteElo "2507"]
[BlackElo "2252"]

1.e4 d6 2.d4 Nf6 3.Nc3 e5 4.dxe5 dxe5 5.Qxd8+ Kxd8 6.Bg5 Be6 7.O-O-O+ Nd7
8.f3 c6 9.Be3 Kc7 10.Kb1 a5 11.Nge2 Bc5 12.Bxc5 Nxc5 13.a4 Rhd8 14.Rxd8 Rxd8
15.Nc1 Rd4 16.b3 g5 17.Be2 g4 18.Rd1 gxf3 19.gxf3 Nh5 20.Nd3 Nxd3 21.Bxd3 Rd8
22.Ne2 f6 23.Kb2 Rg8 24.Rg1 Rg6 25.Rxg6 hxg6 26.Ng3 Nf4 27.Bf1 Kd6 28.Ne2 g5
29.Kc3 Kc5 30.Nc1 b5 31.axb5 cxb5 32.Kd2 a4 33.Kc3 b4+ 34.Kd2 a3 35.Na2 Bf7
36.Nc1 Be8 37.Ba6 Bb5 38.Bc8 Ne2 39.Na2 Nd4 40.Bg4 Be2 41.c3 bxc3+ 42.Kxc3 Bxf3
43.b4+ Kb5 44.Bd7+ Kb6 45.Kd3 Ne2  1-0